99 soal-jawab KMK

Bibliographic Details
Format: Book
Published: Kuala Lumpur : INTAN
Subjects:

MARC

LEADER 00000cam a2200000 7i4500
001 0000001993
005 20050429.0
040 |a INS 
090 0 0 |a HD66.Q3   |b K66 
245 0 0 |a 99 soal-jawab KMK 
260 |a Kuala Lumpur :   |b INTAN 
650 0 0 |a Quality Control   |x Q 
999 |a 0000001568   |b BOOK   |c Open Shelf   |e Default branch